Malaysia fisheries directory 2005-06.
| Format: | Book |
|---|---|
| Published: |
Petaling Jaya:
Asia Medialine,
2005.
|
| Subjects: |
| LEADER | 00542cam a2200157 7i4500 | ||
|---|---|---|---|
| 001 | 0000016323 | ||
| 005 | 20070221090000.0 | ||
| 020 | 0 | 0 | |a 1394-7575 |
| 090 | 0 | 0 | |a M 338.3727025 |b MAL P 338.3727025 MAL |
| 245 | 0 | 0 | |a Malaysia fisheries directory 2005-06. |
| 260 | 0 | 0 | |a Petaling Jaya: |b Asia Medialine, |c 2005. |
| 300 | # | # | |a 72 p. |
| 650 | 0 | 0 | |a Fish and Fisheries -- |x Directories -- |z Malaysia |
| 651 | 0 | 0 | |a Malaysia |
| 999 | |a SRW000033H |b Directories |c Malaysia |e MATRADE Sarawak | ||
| 999 | |a PNG000341H |b Directories |c Malaysia |e MATRADE Northern Regional Office | ||